Behavioral Insights for Reduced Economic Impact of the COVID-19 Pandemic
Ekonomické dopady pandémie COVID-19. Poznatky z oblasti behaviorálnej vedy a ich využitie na zvýšenie dodržiavania epidemiologických opatrení zavedených v krajinách postihnutých pandémiou. Návrh a prezentácia opatrení.
Gespeichert in:
| 1. Verfasser: | |
|---|---|
| Format: | Buchkapitel |
| Sprache: | Englisch |
| Schlagworte: | |
| Tags: |
Keine Tags, Fügen Sie das erste Tag hinzu!
|
MARC
| LEADER | 00000naa$a2200000$$$4500 | ||
|---|---|---|---|
| 001 | 0270706 | ||
| 005 | 20240717105747.8 | ||
| 041 | 0 | |a eng | |
| 044 | |a SK | ||
| 245 | 1 | 0 | |a Behavioral Insights for Reduced Economic Impact of the COVID-19 Pandemic |c Anetta Čaplánová |
| 520 | |a Ekonomické dopady pandémie COVID-19. Poznatky z oblasti behaviorálnej vedy a ich využitie na zvýšenie dodržiavania epidemiologických opatrení zavedených v krajinách postihnutých pandémiou. Návrh a prezentácia opatrení. | ||
| 610 | 2 | 0 | |a koronavírus |
| 610 | 2 | 0 | |a pandémia |
| 610 | 2 | 0 | |a ekonómia behaviorálna |
| 610 | 2 | 0 | |a opatrenia |
| 610 | 2 | 0 | |a politika hospodárska |
| 100 | 1 | |a Čaplánová, Anetta, 1967- | |